MDQL
is popping MORE tags! Check the
thread
!
Quizzes
Events
Quiz Creation
Community
Videos
Private Events
Remove Ads
Sign In
Join for FREE
Feedback
Dark Mode
Quiz Categories
Sports
Geography
Music
Movies
Television
Just For Fun
Miscellaneous
History
Literature
Language
Science
Gaming
Entertainment
Religion
Holiday
For Kids
Quiz Lab
Recent
Popular Today
Quiz Kudos Today
Editor Picks
Curator Picks
Quizzes by...
Day
Popularity
Type
Ratings
Length
Year
Community
Subscriptions
Recent Discussions
Orange Saloon
Badges
Playlists
Quests
Create
Leaderboards
Showdown
Live 5
Trivia Bingo
Activity
Puzzle Library
Sporcle Events
Private Events
Virtual Trivia
Globe League
Become a Host
Pub Owners
SporcleCon
Opinionation
Our Games
Videos
Blog
Mobile Apps
Partnerships
Remove Ads and Go Orange
Feedback
Sports
Athletes
MLB
NBA
NHL
NFL
Soccer
Sports Teams
WWE
NCAA
Football
Premier League
Basketball
Baseball
Hockey
Golf
Tennis
Cricket
Rugby
Auto Racing
Olympics
World Cup
Sports
Athletes
MLB
NBA
NHL
NFL
Soccer
Sports Teams
WWE
NCAA
Football
Premier League
Basketball
Baseball
Hockey
Golf
Tennis
Cricket
Rugby
Auto Racing
Olympics
World Cup
Random Quiz
Search Sporcle
×
Quiz Lab
Quiz Lab
Sports
Premier League
Type in answers that appear in a list
Type in answers that appear in a list
Classic
Best Score? Go Orange.
Premier League Squad List 2014/15 - Tottenham Stats
Can you name the Premier League Squad List 2014/15 - Tottenham?
By
ShaunyMorgz
4m
20 Questions
103 Plays
103 Plays
103 Plays
Comments
Comments
Give Quiz Kudos
Give Quiz Kudos
-
- Ratings
hide this ad
More Info
Replay
Link that replays current quiz
Next Quiz
Link to next quiz in quiz playlist
You Got
0%
They Got
Avg Score
66%
Avg Friend Score
Upgrade to see
Score Distribution
Jump to the score distribution portion of the page
Score
0/20
Timer
04:00
0
Plays Today
Squad No.
Players
% Correct
No.1
Hugo Lloris
100%
No.2
Kyle Walker
95.1%
No.5
Jan Vertonghen
91.3%
No.3
Danny Rose
90.3%
No.9
Roberto Soldado
84.5%
No.23
Christian Eriksen
84.5%
No.11
Erik Lamela
79.6%
No.19
Mousa Dembele
76.7%
No.10
Emmanuel Adebayor
75.7%
No.22
Nacer Chadli
74.8%
Squad No.
Players
% Correct
No.4
Younes Kaboul
71.8%
No.13
Michel Vorm
68.9%
No.8
Paulinho
59.2%
No.17
Andros Townsend
48.5%
No.24
Brad Friedel
47.6%
No.6
Vlad Chiriches
44.7%
No.29
Etienne Capoue
44.7%
No.21
Federico Fazio
42.7%
No.25
Benjamin Stambouli
29.1%
No.38
Ryan Mason
16.5%
Quiz Playlist
Details
Report
Send in Message
Add To Playlist
More Info:
The submitted squad list for the season 2014/2015 according to www.premierleague.com February 2015 Missing players registered as U21s.
Classic:
Type in answers that appear in a list
Last Updated: Feb 16, 2017
Quiz Scoreboard
CHALLENGE
Sign Up to Join the Scoreboard
Show All
Scores
Hide
Comments
May contain spoilers
Recently Published
Holiday 10x10 Sorting Gallery
by lukepisani3
Holiday
15m
Two Season TV Shows II
by 123Four
Television
10m
Image Sorting: Flags VI
by Barbecue
Geography
2m
More to Explore
Quiz From the Vault
Featured Blog Post
14 Easter Pick-up Lines to Find Eggs With
hide this ad
You Might Also Like...
Tags
Football Quiz
Premier League Quiz
Football Champions
Football Clubs
Football Stadiums
Football Team
League Football
London
Tottenham Hotspur
Today's Top Quizzes in Sports
Browse Sports
hide this ad
Today's Top Quizzes in Premier League
Browse Premier League
Top Contributed Quizzes in Sports
1
Les meilleurs buteurs des matchs entre le PSG et l’OM
2
Les entraîneurs de l'OM et du PSG au 21e siècle
3
2022 World Cup Stars
4
Les joueurs passés par le PSG et l'OM
5
Players with Multiple 50 Home Run Seasons
6
FIFA Club World Cup Champions
7
Top 10 NHL Goal Scorers of All Time
8
Les joueurs passés par le LOSC et le RC Lens
9
Criteria MLB: Left Handed Sluggers
10
2023 MLB Unique Player Accomplishments
Explore More
Trending Topics
Harry Potter
Anime
Crossword
Marvel
NBA
Kpop
Disney
WWE
Song
Country
Pokémon
Soccer
NFL
Puzzle
The Office
hide this ad
More By:
ShaunyMorgz
Quiz
Plays
Rating
Category
Featured
Created
Players who have played for Chelsea under Jose Mourinho
170
Sports
May 18, 2015
Premier League Squad List 2014/15 - Chelsea
167
Sports
May 16, 2015
Premier League 2014/15 Clubs Owners
131
5.00
Sports
May 17, 2015
Premier League Squad List 2014/15 - Man City
130
Sports
May 16, 2015
Premier League Squad List 2014/15 - Arsenal
122
Sports
May 16, 2015
Go to Creator's Profile
Score Distribution
Quiz Creator Spotlight
ShaunyMorgz
Follow
Send a Message
Quizzes Created
-
Created Quiz Play Count
-
More By This Creator
Popular Quizzes Today
1
Find the US States - No Outlines Minefield
2
Colored Red Africa Blitz
3
Find the 'City' Movie
4
The Countries of the World
5
5x2 Blitz: Bands
6
Find the US States
7
Find the Countries of Europe - No Outlines Minefield
8
US States
More Sports Quizzes
MLB 1920s Batting Leaders
Quiz Lab
Trending Quizzes
Colored Red Europe Blitz I
Colored Red Europe Blitz II
Colored Red Africa Blitz II
Colored Red Europe Blitz III
Colored Red Africa Blitz III
Recently Updated
Odd Team Out - Big 4 Players
pecheneg
Quick Pick: 20 Twenties
pecheneg
March Madness Men's Triple Doubles
pecheneg
How Do You Spell That?
pecheneg
Godzilla Movies
pecheneg
Grab Bag: 4-10 Letters
pecheneg
2024 March Madness Bracket
pecheneg
Famous TV Couples
Peacemaker
Champions League XIs: Real Madrid
pecheneg
Largest US Cities 1790-2010
pecheneg
Trending Topics
Crossword
Anime
NBA
Harry Potter
Disney
Kpop
Marvel
The Office
Soccer
Song
NFL
Pokémon
WWE
Country
Puzzle
Your Account Isn't Verified!
In order to create a playlist on Sporcle, you need to verify the email address you used during registration. Go to your
Sporcle Settings
to finish the process.
Report this User
Report this user for behavior that violates our
Community Guidelines
.
Details:
Send Report
Go to the Sporcle.com Mobile Site →
Comments